Scoping agriculture-wetland interactions : Towards a sustainable multiple-response strategy

This publication is the result of a two-and-a-half-year process that has drawn together critical thinking and practical experience concerning agriculture and wetland interactions. The process began at the Ramsar Conference of Parties (COP) 9 in Uganda, involve a workshop in Wageningen in early 2006,...

সম্পূর্ণ বিবরণ

সংরক্ষণ করুন:
গ্রন্থ-পঞ্জীর বিবরন
সংস্থা লেখক: Food and Agriculture Organization of the United Nations
বিন্যাস: গ্রন্থ
ভাষা:Undetermined
প্রকাশিত: Rome Food and Agriculture Oraganization of the United Nations 2008
বিষয়গুলি:
ট্যাগগুলো: ট্যাগ যুক্ত করুন
কোনো ট্যাগ নেই, প্রথমজন হিসাবে ট্যাগ করুন!
Thư viện lưu trữ: Trung tâm Học liệu Trường Đại học Cần Thơ
LEADER 01199nam a2200217Ia 4500
001 CTU_172923
008 210402s9999 xx 000 0 und d
020 |c 55 
082 |a 630.91724 
082 |b F686/N.33 
110 |a Food and Agriculture Organization of the United Nations 
245 0 |a Scoping agriculture-wetland interactions : 
245 0 |b Towards a sustainable multiple-response strategy 
245 0 |c Adrian Wood, Gerardo E. van Halsema 
260 |a Rome 
260 |b Food and Agriculture Oraganization of the United Nations 
260 |c 2008 
520 |a This publication is the result of a two-and-a-half-year process that has drawn together critical thinking and practical experience concerning agriculture and wetland interactions. The process began at the Ramsar Conference of Parties (COP) 9 in Uganda, involve a workshop in Wageningen in early 2006, saw the development of a team of Wetland Action and Wageningen University researchers. 
650 |a Wetland agriculture,Sustainable agriculture,Đất ngập nước nông nghiệp,Nông nghiệp bền vững 
904 |i Lan, N.anh, Năm 
980 |a Trung tâm Học liệu Trường Đại học Cần Thơ